书目信息 |
| 题名: |
深入Linux建构与管理
|
|
| 作者: | 杨文志 编著 | |
| 分册: | ||
| 出版信息: | 北京 中国青年出版社 2001.04 |
|
| 页数: | 696页 | |
| 开本: | 23cm | |
| 丛书名: | 旗标丛书 | |
| 单 册: | ||
| 中图分类: | TP316.89 | |
| 科图分类: | ||
| 主题词: | 软件 | |
| 电子资源: | ||
| ISBN: | 7-5006-4265-2 | |
| 000 | 00629nam0 2200217 45 | |
| 001 | 0231388055 | |
| 005 | 2002052008430805 | |
| 010 | @a7-5006-4265-2@b压膜@dRMB 78.00 | |
| 100 | @a20020520d2001 km y0chiy0120 ea | |
| 101 | 0 | @achi |
| 102 | @aCN@b110000 | |
| 200 | 1 | @a深入Linux建构与管理@AShen Ru Linux Jian Gou Yu Guan Li@f杨文志编著@FYang Wen Zhi Bian Zhu |
| 210 | @a北京@c中国青年出版社@d2001.04 | |
| 215 | @a696页@d23cm | |
| 225 | 2 | @a旗标丛书 |
| 410 | 0 | @12001 @a旗标丛书 |
| 606 | 0 | @a软件 |
| 690 | @aTP316.89@v3 | |
| 701 | 0 | @a杨文志@AYang Wen Zhi@4编著 |
| 801 | 0 | @aCN@bPFT@c20020520 |
| 905 | @a安徽大学@dTP316.89@eY299 | |
| 深入Linux建构与管理/杨文志编著.-北京:中国青年出版社,2001.04 |
| 696页;23cm.-(旗标丛书) |
| ISBN 7-5006-4265-2(压膜):RMB 78.00 |
| ● |
| 相关链接 |
|
|
|
正题名:深入Linux建构与管理
索取号:TP316.89/Y299
 
预约/预借
| 序号 | 登录号 | 条形码 | 馆藏地/架位号 | 状态 | 备注 |
| 1 | 354183 | 203541836 | 自科库301/301自科库 59排3列3层/ [索取号:TP316.89/Y299] | 在馆 | |
| 2 | 354184 | 203541845 | 自科库301/301自科库 59排3列3层/ [索取号:TP316.89/Y299] | 在馆 |